Fent xarxa : guia de projectes per a dones guia de projectes per a dones
ISBN:
84-7794-829-1
Descripción Física:
118 p. ; 30 cm
Colección:
Col·lecció guies metodològiques ; 4
MARC
| LEADER | 00000nam a2200000Ia 4500 | ||
|---|---|---|---|
| 001 | 13626 | ||
| 008 | 160829s9999 xx 000 0 cat d | ||
| 020 | |a 84-7794-829-1 | ||
| 080 | |a M-4-10 | ||
| 245 | |a Fent xarxa : |b guia de projectes per a dones | ||
| 260 | |a [Barcelona] : |b Diputació de Barcelona, Oficina Tècnica del Pla d'Igualtat, cop. 2001 | ||
| 300 | |a 118 p. ; |c 30 cm | ||
| 490 | |a Col·lecció guies metodològiques ; 4 | ||
| 650 | |a Dones |x Serveis socials |x Barcelona (Província) |9 21893 | ||
| 650 | 0 | |a Drets de les dones |x Política governamental |x Barcelona (Catalunya : Província) |9 21894 | |
| 710 | 1 | |a Barcelona (Catalunya : Província). |b Oficina Tècnica del Pla d'Igualtat |9 54965 | |
| 901 | |a Arxiu | ||
| 942 | |n 1 | ||
| 952 | |0 0 |1 0 |4 0 |6 M410 |7 1 |9 41913 |a Arxiu |b Arxiu |d 2016-12-01 |l 0 |o M-4-10 |p 13626 |r 2016-12-01 00:00:00 |w 2016-12-01 |y ARXIU | ||
| 999 | |c 44360 |d 44360 | ||